Science Probe II

Science Probe I & II provide for a two-year high school science requirement with a coordinated approach. Each of the four science disciplines - biology, chemistry, physics, and earth/space science -are connected through a unit-by-unit approach. Offering a solid grounding in science, the texts pr...

Disgrifiad llawn

Wedi'i Gadw mewn:
Manylion Llyfryddiaeth
Fformat: Llyfr
Iaith:Vietnamese
Cyhoeddwyd: American : Thomson Learning , 1996
Pynciau:
Tagiau: Ychwanegu Tag
Dim Tagiau, Byddwch y cyntaf i dagio'r cofnod hwn!
Thư viện lưu trữ: Thư viện Trường CĐ Kỹ Thuật Cao Thắng
LEADER 01175nam a2200277 a 4500
001 TVCDKTCT8574
003 Thư viện trường Cao đẳng Kỹ thuật Cao Thắng
005 20080225000000
008 080225
980 \ \ |a Thư viện Trường CĐ Kỹ Thuật Cao Thắng 
024 |a RG_1 #1 eb0 i1 
020 # # |a 0538669012 
041 0 # |a vie 
082 # # |a 500 
245 0 0 |a Science Probe II 
260 # # |a American :  |b Thomson Learning ,  |c 1996 
300 # # |a 543tr. 
520 # # |a Science Probe I & II provide for a two-year high school science requirement with a coordinated approach. Each of the four science disciplines - biology, chemistry, physics, and earth/space science -are connected through a unit-by-unit approach. Offering a solid grounding in science, the texts prepare and even motivate students to take additional elective courses as junior and seniors.  
520 # # |a Card catalog description 
520 # # |a A collection of experiments concentrating on earth, space, physics, chemistry, and life science. 
650 # 4 |a Experiments 
650 # 4 |a Earth 
650 # 4 |a Space 
650 # 4 |a Physics 
650 # 4 |a Chemistry 
650 # 4 |a Life science